Normal view
MARC view
- Hurley, Katie
Entry Personal Name
001 - CONTROL NUMBER
- control field: 95120
003 - CONTROL NUMBER IDENTIFIER
- control field: NUST
005 - DATE AND TIME OF LATEST TRANSACTION
- control field: 20220726100347.0
008 - FIXED-LENGTH DATA ELEMENTS
- fixed length control field: 220726|| aca||aabn | a|a d
040 ## - CATALOGING SOURCE
- Original cataloging agency: NUST
- Transcribing agency: NUST
100 ## - HEADING--PERSONAL NAME
- Personal name: Hurley, Katie
670 ## - SOURCE DATA FOUND
- Source citation: Work cat.: (NUST): Hurley, Katie, The depression workbook for teens : tools to improve your mood, build self-esteem, and stay motivated, 2019
